1082 1582 1302 1083 1982 1069 1614 1876 1021 1256 1997 1253 1624 1499 1081 1716 1567 1401 1777 1920 1717 1150 1704 1480 1788 1110 1909 1600 1031 1913 1410 1277 1927 1848 1163 1461 1755 1211 1637 1184 1427 1207 1660 1868 1907 1804 1410 1294 1760 1039 1909 1804 1111 1122 1706 1172 1602 1468 1188 1952 1116 1411 1837 1863 1847 1519 1402 1418 1337 1262 1847 1176 1815 1710 1980 1096 1417 1622 1212 1850 1386 1815 1691 1302 1774 1070 1999 1068 1891 1817 1440 1967 1420 1110 1072 1693 1328 1247 1741 BCNSPRNW ULIB Ver.6.0+V

เปลี่ยนเป็นภาษาไทย

Change to English
 แสดงรายละเอียดบรรณานุกรม
  กลับหน้าหลัก

Brief Record : Get Marc (ISO 2709) : E-mail record : QR code < ปิดหน้าต่าง
LEADER : 00000nam 2200000uu 4500
001    13399123570
003     ULIB
008    141010s2550||||th 000 0 tha d
020    9789748072784
099    นว^bส988บ
100 0  โสภี พรรณราย
245 00 บุษบาเร่รัก^c โสภี พรรณราย
260    กรุงเทพ :^bbeauty,^c2550
945    ^p260^l0^i021033
999    ^aเกษร โพธิ์สุวรรณ
รายการนี้ยังไม่มีแท็ก
คุณยังไม่ได้ล็อกอิน คุณสามารถมีกิจกรรมร่วมกับเว็บไซต์ได้ แต่ต้องล็อกอินก่อน ::
  ล็อกอิน

รายการสื่อสารสนเทศ

ลำดับที่ ประเภท เลขเรียก/บาร์โค้ด สถานที่ สถานะ
1. นวนิยาย
นวนิยาย
นว ส988บ ฉ.1 
  Barcode: 021033
ห้องสมุดวิทยาเขตสวรรค์ประชารักษ์
►นวนิยาย
บนชั้น
  ขอยืม

รายการใกล้เคียง
    ผู้แต่ง [โสภี พรรณราย]

BibComment


ยังไม่เคยถูกคอมเมนท์

คอมเมนท์ทรัพยากรรายการนี้
  คอมเมนท์: บุษบาเร่รัก โสภี..


 Copyright 2026. Bcnsprnw @Library